| 000 | 00549nam a2200145 a 4500 | ||
|---|---|---|---|
| 001 | 000037148 | ||
| 005 | 20200930080154.0 | ||
| 008 | 120217s1970 mx 000 0 spa d | ||
| 040 |
_aDO-SdBNP _bspa _cBNPHU |
||
| 082 |
_axxxx _bE55f |
||
| 245 | 0 | 0 | _aEmpaque de frutas y legumbres y de otros productos frescos en el almacen central. |
| 260 |
_aMéxico : _bServicio de Investigaciones Agricolas, Departamento de Agricultura de los EE. UU. de A., _c1970. |
||
| 300 |
_a106 p. : _bils., retr. ; _c27 cm. |
||
| 710 | 2 |
_aCentro Regional de Ayuda Técnica _949164 |
|
| 999 |
_c36638 _d36638 |
||